| 000 | 00429nam a22001577a 4500 | ||
|---|---|---|---|
| 008 | 150625b xxu||||| |||| 00| 0 eng d | ||
| 020 | _a9780414046139 | ||
| 082 | _a345 BAK | ||
| 100 | _aBaker, Dennis J | ||
| 245 |
_aTextbook of criminal law : _cDennis J. Baker |
||
| 250 | _a3rd ed. | ||
| 260 |
_a[London] : _bSweet & Maxwell, _cc1990. |
||
| 300 |
_acxxvi, 1368p. _c25cm. |
||
| 500 | _aincludes the index | ||
| 942 |
_2ddc _cBK |
||
| 999 |
_c6845 _d6845 |
||